000
00261nam a22001097a 4500
008
170118b xxu||||| |||| 00| 0 eng d
020
_a
0863880495
041
_a
eng
080
_a
618.2
245
_a
WORKING WITH SWALLOWING DISORDERS
_c
LANGLEY, J
942
_2
udc
_c
BK
999
_c
3133
_d
3133